00625nam a22002057a 450000500170000000800410001701000100005801100100006803500100007808200160008810000310010424500400013526000590017530000070023450000120024150000290025365000390028265000270032171000710034820220329141255.0971010s1989 r 00010 d a65548 a66520 a74767 a631.44bA3800aAguilera Herrera, Nicolas. aTratado de edafología de México aMéxico, D.F. :bUNAM. Facultad de Ciencias,c1989-19 av. a1992/83 aLa biblioteca tiene: v.114aSuelosxClasificaciónxMéxico.14aSuelosxComposición.0 aUniversidad Nacional Autónoma de México. Facultad de Ciencias.